| 000 | 004330000a22001690004500 | ||
|---|---|---|---|
| 003 | MACL | ||
| 005 | 20160106162643.0 | ||
| 008 | 160106b xxu||||| |||| 00| 0 eng d | ||
| 040 |
_aMACL _cMACL |
||
| 041 | _aEnglish | ||
| 082 | _a900/INN | ||
| 100 |
_aInnes, A D _928938 |
||
| 245 |
_aHarmsworth History of The World _bVolume 5 |
||
| 260 |
_bEducational Book Co Ltd _aLondon |
||
| 650 |
_aHistory _928939 |
||
| 942 |
_cBK _k900/INN _2ddc |
||
| 999 |
_c36549 _d36549 |
||